000
00268nam a2200121 a 4500
008
100914s1961|||| d
245
1
0
_a
Pereje
100
1
_a
Davidson, Basil
260
_b
Smena
_a
Bratislava
_c
1961
020
_c
15,20
044
_a
xo
_c
SK
041
_a
slo
999
_c
10319
_d
10319